Teaching with the norton anthology of world literature, volumes 1 : beginning to 1650 : (Record no. 14465)

000 -LEADER
fixed length control field 00928nam a22002297a 4500
008 - FIXED-LENGTH DATA ELEMENTS--GENERAL INFORMATION
fixed length control field 161003b xxu||||| |||| 00| 0 eng d
020 ## - INTERNATIONAL STANDARD BOOK NUMBER
International Standard Book Number 9780393921748
050 ## - LIBRARY OF CONGRESS CALL NUMBER
Classification number PN 70
Item number .B75 2013
100 ## - MAIN ENTRY--PERSONAL NAME
Personal name Brietzke, Zander
245 ## - TITLE STATEMENT
Title Teaching with the norton anthology of world literature, volumes 1 : beginning to 1650 :
Remainder of title aguide for instructors/
Statement of responsibility, etc. Zander Brietzke, Scott Hollifield, Dana Milstein, Benedict Whalen and Paula Berggren
250 ## - EDITION STATEMENT
Edition statement 3rd ed.
260 ## - PUBLICATION, DISTRIBUTION, ETC. (IMPRINT)
Place of publication, distribution, etc. New York :
Name of publisher, distributor, etc. W. W. Norton & Company,
Date of publication, distribution, etc. 2013.
300 ## - PHYSICAL DESCRIPTION
Extent vii, 257p. :
Other physical details ill. ;
Dimensions 23cm.
500 ## - GENERAL NOTE
General note Include index.
650 ## - SUBJECT ADDED ENTRY--TOPICAL TERM
Topical term or geographic name as entry element Literature
General subdivision Study and teaching (Higher)
Chronological subdivision United States.
650 ## - SUBJECT ADDED ENTRY--TOPICAL TERM
Topical term or geographic name as entry element Literature
General subdivision Study and teaching (Higher)
Chronological subdivision United States.
700 ## - ADDED ENTRY--PERSONAL NAME
Personal name Hollifield,Scott
700 ## - ADDED ENTRY--PERSONAL NAME
Personal name Milstein, Dana
700 ## - ADDED ENTRY--PERSONAL NAME
Personal name Whalen, Benedict
700 ## - ADDED ENTRY--PERSONAL NAME
Personal name Berggren, Paula
942 ## - ADDED ENTRY ELEMENTS (KOHA)
Source of classification or shelving scheme
Koha item type Hard Covered Materials
Classification part PN 70 .B75 2013
Holdings
Withdrawn status Lost status Source of classification or shelving scheme Damaged status Not for loan Home library Current library Shelving location Date acquired Source of acquisition Total Checkouts Full call number Barcode Date last seen Price effective from Koha item type
          MACHAKOS UNIVERSITY LIBRARY MACHAKOS UNIVERSITY LIBRARY Open shelf 03/10/2016 Donation(BFA)   PN 70 .B75 2013 26419 04/06/2019 03/10/2016 Hard Covered Materials
© Machakos University Library, Along The Highway, Machakos Wote Rd, Machakos, Kenya P.O. Box 136 - 90100 Machakos - Kenya

Tel: ( +254 ) 723 805829 OR Fax : 044-20353 OR Email: library@mksu.ac.ke